00650nam a2200169Ia 4500008004100000020001500041041000800056082001800064100003000082245010800112250000600220260005200226300001200278650003900290999001900329952013200348210716s2003 xx 000 0 und d a8120314700 aeng a005.3682 SHAM aShaw, Mary;Garlan, David. aSoftware architecture: perspectives on an emerging discipline.bPerspectives on an emerging discipline. a1 aNew DelhibPrentice Hall of India PVt Ltdc2003 axxi,242 aComputer Architecture/Organization c186362d186362 001040708MCAaAIMITbAIMITeSita Book Houseg195.00l0o005.3682 SHAMpMCA05870r2026-05-23 00:00:00v156.00w2021-07-16yBK